000 00458pab a2200193 454500
008 180718b2008 xxu||||| |||| 00| 0 eng d
100 _aFaraglia, Elisa
245 _aFiscal insurance and debt management in OECD economies
260 _c2008
300 _ap.363-86.
362 _aMar
650 _aDebt
650 _aInsurance
700 _aScott, Andrew
700 _aMarcet, Albert
773 _aEconomic Journal
908 _aN
909 _a77923
999 _c77923
_d77923